000 01384nam a2200337 i 4500
003 EG-GICUC
005 20260126111516.0
008 260126s2007 ua ||||fr|||| 00| 0 ara d
017 _a2006/5493
020 _a9773282392
040 _a EG-GICUC
_bara
_c EG-GICUC
_d EG-GICUC
_erda
041 0 _aara
082 0 4 _a343.431
_bأ ب . ت
_221
092 0 4 _221
099 _aLaw1 10 343.431 أ ب . ت 2007 1006335
100 0 _aأبو الوفا محمد أبو الوفا.
_eمؤلف.
245 1 2 _aالتأصيل الشرعي والقانوني لمكافحة الجماعات الإرهابية :
_cدكتور أبو الوفا محمد أبو الوفا.
_bفكرا وتنظيما وترويجا /
264 1 _aالإسكندرية، مصر :
_bدار الجامعة الجديدة،
_c2007.
300 _a220 صفحة ؛
_c24 سم.
_bإيضاحيات، صور، مثيليات ؛
336 _2rda content
_atext
337 _2rda media
_aComputer
338 _2rda carrier
_aOnline Resource
504 _aيشتمل على ارجاعات ببليوجرافية.
546 _aالنص باللغة العربية
650 1 4 _aالتشريع الخاص بالإرهاب.
_2qrmak
650 1 4 _aالقانون الجنائي.
_2qrmak
651 1 _2qrmak
856 4 0 _uhttps://fll.law.cu.edu.eg/fulltext/bks/B10-06335.pdf
905 _a18
942 _2ddc
_cBK
_e21
_n0
999 _c59428
_d59428